000 00337nam a2200145Ia 4500
008 230718s9999 xx 000 0 und d
041 _aEng.
082 _a301
_bSHA-M
100 _aShaping, Eduard
245 0 _aMachselmomics Analysis
260 _aPakistan
_bOrford Science Pub
_c2001
300 _a632
650 _aLaw
999 _c26756
_d26756